The World Ladder Quiz Stats

 Plays Quiz Updated Mar 6, 2016

Challenge
Share
Tweet
Score 0/24 Timer 03:00
0 Plays Today
% Correct
❖POLE❖
96.2%
❖POLE❖
96.2%
❖EAST❖
96.1%
HOLE
95.5%
❖WEST❖
95.4%
POSE
90.6%
PELÉ
90.5%
HOSE
89.9%
POST
88.6%
PAST
88.1%
PALE
87.5%
EASE
86.8%
% Correct
NEAT
85.3%
CAGE
85.3%
NEST
83.7%
PELT
83.1%
CASE
82.4%
PAGE
82.1%
PEAT
76.6%
WENT
74.4%
DENT
69.6%
DOLE
62.6%
DON'T
56.5%
DONE
55.4%

You're not logged in!

Compare scores with friends on all Sporcle quizzes.
OR
Log In

You Might Also Like...

Show Comments

Extras

Top Quizzes Today


Score Distribution

Your Account Isn't Verified!

In order to create a playlist on Sporcle, you need to verify the email address you used during registration. Go to your Sporcle Settings to finish the process.

Report this User

Report this user for behavior that violates our Community Guidelines.

Details: